[Event "4th Memorial Warakomska-A 2020"]
[Site "Suwalki"]
[Date "2020.08.07"]
[Round "1.11"]
[White "Leskiewicz, Ignacy"]
[Black "Jarocka, Liwia"]
[Result "0-1"]
[WhiteElo "2190"]
[BlackElo "1934"]
[Annotator "TA"]
[PlyCount "80"]
[EventDate "2020.08.06"]
[EventType "swiss"]
[EventCountry "POL"]
[SourceTitle "playchess.com"]
[Source "ChessBase"]
[SourceQuality "1"]

{[%evp 19,80,0,34,34,0,-128,-47,-133,-125,-199,-84,-111,-15,0,0,-84,-65,-82,0,0,0,0,0,0,0,0,10,0,0,0,70,0,0,-51,-33,-68,-91,-124,-64,-162,-156,-1037,-1034,-1100,-805,-754,-776,-738,-764,-1695,-1830,-1786,-1714,-1745,-1682,-29988,-29989,-29992,-29993,-29993,-29994,-29994,-29995]} 1. e4 c5 2. Nf3 Nc6 3. d4 cxd4 4. Nxd4 Nf6 5. Nc3 d6 6. Bg5 e6 7. Qd2 a6 8. O-O-O h6 9. Bh4 Nxe4 10. Qf4 Ng5 11. Nxc6 {B66: Sicilian: Richter-Rauzer: 7...a6 8 0-0-0 h6.} bxc6 12. Ne4 (12. Qa4 $11 {remains equal.} Qd7 13. Be2) 12... e5 (12... d5 $1 $17 13. f3 Be7) 13. Bxg5 (13. Qe3 $1 $15 Qc7 14. f4 Nxe4 15. Qxe4) 13... hxg5 $17 {[#]} ({And not} 13... exf4 14. Bxd8 Kxd8 15. Nxd6 $14) 14. Qf3 $146 (14. Qd2 $17 {was called for.}) ({Predecessor:} 14. Qd2 d5 15. Qc3 Bd7 16. Qxe5+ Qe7 17. Qxe7+ Bxe7 18. Ng3 Bf6 19. Bd3 g6 20. c4 {0-1 (41) Petreski,L (1646)-Danchevski,O (2323) Ohrid 2019}) 14... Be6 (14... Qc7 $19 {is more deadly.} 15. Qc3 Be7) 15. Nc5 {[#]} Bd5 (15... d5 $1 $17 16. Nxe6 fxe6) 16. Rxd5 $11 cxd5 17. Nxa6 (17. Qxd5 $11 Qc8 18. Ne4) 17... Qa5 $17 18. b4 Qb6 (18... Qxa2 $17 19. Nc7+ Ke7 20. Nxa8 Qxa8) 19. Qxd5 $11 Rxa6 20. Qb5+ Ke7 21. Qxa6 Qxb4 (21... Qxf2 22. Qb7+ Kf6 23. Bd3 $18) 22. Bc4 {With the idea Qa7+.} Kf6 23. Qc6 {Qd5 is the strong threat.} Rh4 24. Bb3 {Black must now prevent g3.} Rd4 (24... Rf4 $11) 25. Kb1 (25. c3 $14 Qa3+ 26. Kb1) 25... Qc5 $36 {[%mdl 2048] Black has some pressure.} 26. Qa6 (26. Qxc5 $11 dxc5 27. c3) 26... Be7 27. Re1 g6 28. Qb7 Qc3 ({Black should try} 28... d5 $17 {aiming for ...Kg7.} 29. c3 Qxc3) 29. Rc1 {[#]} (29. Qf3+ $15 Qxf3 30. gxf3) 29... d5 $1 $19 {[%mdl 512]} 30. Qa8 $2 {Now White is beyond hope.} (30. a3 $17) (30. Bxd5 Rb4+) 30... Kg7 31. Qa7 Bf6 32. Qa3 Rd2 33. Qb2 Qc5 {Hoping for ...e4.} 34. a4 e4 35. Qa2 Qxf2 36. Bxd5 e3 {( -> ...e2)} 37. Bxf7 e2 {Black mates.} 38. Be8 Qb6+ 39. Bb5 {[#]} Rd1 $1 {[%mdl 512]} 40. Qa3 e1=Q {Accuracy: White = 38%, Black = 68%.} 0-1

[Event "4th Memorial Warakomska-A 2020"]
[Site "Suwalki"]
[Date "2020.08.07"]
[Round "1.12"]
[White "Rosol, Alexander"]
[Black "Rudzinska, Michalina"]
[Result "0-1"]
[WhiteElo "1933"]
[BlackElo "2080"]
[Annotator "TA"]
[PlyCount "112"]
[EventDate "2020.08.06"]
[EventType "swiss"]
[EventCountry "POL"]
[SourceTitle "playchess.com"]
[Source "ChessBase"]
[SourceQuality "1"]

{[%evp 16,112,37,37,56,20,12,8,63,13,75,70,64,68,70,43,66,29,61,39,63,59,67,81,95,87,155,75,78,80,69,65,56,72,84,12,12,22,11,-28,-18,-37,-40,-35,-13,-12,-7,-7,-7,-11,-15,-27,-27,-33,-11,-58,0,0,0,0,0,-9,0,-68,-47,-72,-49,-123,-123,-123,-123,-123,-107,-112,-108,-123,-123,-123,-123,-5616,-6699,-5604,-3209,-29967,-29967,-29959,-29960,-29963,-29962,-29973,-29974,-29972,-29973,-12816,-12359,-29982,-29984,-29983,-29985]} 1. e4 c5 2. Nf3 e6 3. d4 cxd4 4. Nxd4 a6 5. Nc3 Qc7 6. Bd3 Nf6 7. O-O Nc6 8. Nxc6 bxc6 9. Qe2 e5 {B46: Sicilian: Taimanov: 5 Nc3 a6.} 10. f4 Bd6 11. f5 h5 {[#]} ({Better is} 11... Be7 $11) 12. Bg5 $146 ({Predecessor:} 12. Na4 Rb8 13. Kh1 h4 14. b3 Be7 15. Re1 a5 16. Bd2 d6 17. Nb2 Bb7 18. Nc4 {0-1 (37) Berthelot,Y-Benoit,M (2270) St Jean de Monts 1976}) 12... Ng4 (12... Qb6+ $11 {remains equal.} 13. Be3 Bc5 14. Bxc5 Qxc5+ 15. Qf2 Qxf2+ 16. Rxf2 Bb7) 13. Na4 $16 Be7 14. Bd2 d5 15. c4 Bb7 16. c5 Rd8 17. Bc3 Bg5 18. h3 Be3+ 19. Kh1 Qe7 20. g3 Qg5 21. Kg2 (21. Bxa6 $2 Bxa6 22. Qxa6 h4 $19) (21. Rae1 $142 $1) 21... dxe4 22. Bxe4 (22. Bxa6 Bxa6 23. Qxa6 O-O $17) 22... Bd2 23. hxg4 Bxc3 24. Rad1 Bd4 25. gxh5 (25. Rh1 $16) 25... Qxh5 $11 ({Of course not} 25... Rxh5 $6 26. Bf3 $18) 26. Qxh5 Rxh5 27. Rf3 (27. g4 {looks sharper.} Rh4 28. Kg3 Rh8 29. b4 Ke7 30. Rh1) 27... Ke7 {With the idea ...Rdh8.} 28. Rh1 Rxh1 29. Kxh1 Kf6 30. Kg2 a5 31. Rb3 $1 {[%cal Rb3b7]} Ba6 {next ...Bb5 is good for Black.} 32. Rb6 $1 {[%cal Rb6c6]} Bb5 33. Bxc6 Bxc6+ 34. Rxc6+ Kxf5 35. Ra6 Bxb2 (35... g5 $15) 36. Nxb2 $15 {[%mdl 4096] Endgame aiming for Kf3. KRN-KR} Rd2+ {[%mdl 64] Double Attack} 37. Kf3 Rxb2 38. Rxa5 $11 {KR-KR} Rc2 39. a4 ({White should play} 39. g4+ $11 Ke6 40. Ra6+ Kd5 41. Rd6+ Kxc5 42. Rd7 Rxa2 43. Rxf7) 39... Rc3+ $1 $15 40. Kf2 Ke4 41. Ra7 (41. g4 $15) 41... f5 $17 ({Don't play} 41... Rxc5 $6 42. Rxf7 Rc2+ 43. Kf1 $11) 42. Rxg7 Rc2+ 43. Ke1 Rxc5 {And now ...Ke3 would win.} 44. Rb7 Rc3 45. Kf2 Rc2+ 46. Kf1 Ra2 47. Rb4+ $2 {[%mdl 8192] [#] This costs White the game.} (47. Rb3 $17) 47... Kf3 $1 $19 {( -> ...Ra1+)} 48. Rb3+ {[#]} Kg4 $1 49. Re3 e4 50. Rb3 Rxa4 51. Rc3 Rd4 52. Kf2 Rd2+ 53. Kf1 {[#]} Rd3 $1 54. Rc8 Kxg3 55. Rg8+ Kf3 {[%cal Rd3d1]} 56. Ke1 Ra3 {Accuracy: White = 59%, Black = 89%.} 0-1

[Event "4th Memorial Warakomska-A 2020"]
[Site "Suwalki"]
[Date "2020.08.07"]
[Round "1.13"]
[White "Shilov, Sergej"]
[Black "Sobocinski, Slawomir"]
[Result "1-0"]
[WhiteElo "2121"]
[BlackElo "1914"]
[Annotator "TA"]
[PlyCount "115"]
[EventDate "2020.08.06"]
[EventType "swiss"]
[EventCountry "POL"]
[SourceTitle "playchess.com"]
[Source "ChessBase"]
[SourceQuality "1"]

{[%evp 15,115,47,43,43,38,49,45,5,11,16,20,18,53,-5,12,-26,-39,-33,20,15,79,89,102,-9,-9,-14,-12,-12,-7,-19,-8,-23,2,4,64,79,236,229,225,219,395,394,399,386,378,293,433,405,423,231,571,555,572,571,571,571,537,484,792,334,529,512,506,503,486,455,583,591,5758,5509,2890,2806,5483,5577,5481,5481,5231,4781,5489,5531,29982,29983,29983,29983,29986,29986,29986,29987,29989,29990,29990,29991,29991,29992,29993,29992,29993,29994,29994,29995,29998,29999]} 1. e4 c5 2. Nf3 Nc6 3. d4 cxd4 4. Nxd4 g6 5. c4 Bg7 6. Be3 d6 7. Nc3 Nh6 8. Be2 f5 {is the legacy move (8...0-0).} 9. Nxc6 {B38: Sicilian: Maroczy Bind with 5...Bg7 and 7...0-0.} bxc6 10. Qd2 Nf7 {[#]} 11. h4 $146 {White is slightly better.} ({Predecessor:} 11. O-O c5 12. exf5 Bxf5 13. b3 O-O 14. Rae1 Kh8 15. f4 Qd7 16. Bf3 Rae8 17. Ne4 {½-½ (34) Scherbina,D (1791)-Levitsky,A (2041) Vinnytsia 2016}) 11... Qa5 12. exf5 Bxf5 13. h5 Ne5 14. Bh6 (14. Rc1 $14) 14... Bf6 15. Bg5 Bxg5 16. Qxg5 Bd3 (16... Qb4 $15) 17. f4 $11 h6 {[#]} (17... Rb8 $11 18. fxe5 Rxb2) 18. Qg3 $1 $16 Bxe2 19. fxe5 (19. Kxe2 $16 Nxc4 20. b3 (20. Qxg6+ Kd7 $11) (20. hxg6 Nxb2 21. Kf1 Qf5 $14)) 19... Bxh5 $11 {Black wants to play ...Qc5.} 20. exd6 O-O {Threatens to win with ...Qc5.} 21. dxe7 Rae8 {[#] White must now prevent ...Qc5.} 22. Kd2 $1 ({But not} 22. Qe3 $2 Rf7 $19) 22... Rxe7 {And now ...Rd7+ would win.} 23. Rae1 Rd7+ 24. Kc1 Rdf7 (24... Qf5 $11) 25. Re5 $36 {[%mdl 2048] White is in control.} Rf1+ $2 {Loses the game.} (25... Qc7 $16) 26. Rxf1 $18 Rxf1+ 27. Kc2 Rf2+ $2 (27... Qb6 {keeps fighting.}) 28. Qxf2 {White threatens Re8+ and mate.} Qxe5 29. Qxa7 g5 30. Qa8+ Be8 (30... Kg7 {was worth a try.} 31. Qxc6 Be8 32. Qb7+ Bf7) 31. a4 Kg7 32. a5 (32. Qa7+ $142 Bf7 33. Kb3) 32... Bg6+ $2 (32... Bf7 {is tougher.} 33. Qxc6 Qf5+ 34. Kb3 Qxa5) 33. Kb3 Qc5 {intending ...Bf7.} 34. Qb7+ Bf7 35. Qb4 Qd4 36. a6 h5 (36... Kh7 $142 37. Ka4 Kg7) 37. Qa4 (37. Ka4 $142) 37... Qc5 (37... Qb6+ $142 38. Ka2 Qc5) 38. a7 Bxc4+ 39. Qxc4 Qxa7 40. Qxc6 Qb8+ 41. Kc2 Qf4 42. Qd7+ Kf8 43. Qc8+ Kg7 44. Qb7+ Kg8 45. b4 h4 46. Qe4 Qf6 47. b5 Kg7 48. Qb7+ {White mates.} Kg8 49. b6 Kh8 50. Qc8+ Kg7 51. Qc7+ Kh6 52. b7 Qf5+ 53. Kb3 Qe6+ 54. Kb2 Qe1 55. Qc6+ Kh5 56. b8=Q Qf2+ 57. Ka3 Qd4 58. Qbe8+ {Accuracy: White = 77%, Black = 44%.} 1-0

[Event "4th Memorial Warakomska-A 2020"]
[Site "Suwalki"]
[Date "2020.08.07"]
[Round "1.14"]
[White "Marczukiewicz, Jerzy"]
[Black "Praczukowski, Stanislaw"]
[Result "0-1"]
[WhiteElo "1912"]
[BlackElo "2132"]
[Annotator "TA"]
[PlyCount "96"]
[EventDate "2020.08.06"]
[EventType "swiss"]
[EventCountry "POL"]
[SourceTitle "playchess.com"]
[Source "ChessBase"]
[SourceQuality "1"]

{[%evp 16,96,33,25,34,29,27,-4,28,0,-5,-22,-23,-24,-14,-38,-30,-26,-31,-52,-52,-50,-50,-56,-50,-63,-58,-70,-55,-58,-61,-64,-64,-62,-43,-44,-52,-70,-73,-62,-52,-74,-74,-81,-74,-84,-62,-70,0,-78,-48,-71,-32,-29,-24,-35,-33,-33,-33,-41,-31,-43,-41,-59,-54,-56,-32,-121,-120,-175,-131,-290,-290,-290,-287,-290,-287,-274,-262,-330,-330,-423,-422]} 1. Nf3 Nf6 2. c4 e6 3. d4 Bb4+ 4. Bd2 Qe7 5. g3 Nc6 6. Bg2 Bxd2+ 7. Nbxd2 d6 8. O-O a5 9. Rc1 e5 {E11: Bogo-Indian.} 10. d5 Nb8 {[%cal Bc6b8,Bb8d7,Bd7c5][%mdl 32]} 11. Qa4+ {[#]} Qd7 $146 {The position is equal.} (11... Bd7 {seems wilder.} 12. Qb3 b6 13. e4 Na6 14. Ne1 O-O) ({Predecessor:} 11... Bd7 12. Qa3 O-O 13. c5 Bb5 14. cxd6 cxd6 15. Nc4 Bxc4 16. Rxc4 Na6 17. Nh4 Qd7 {½-½ (59) Schipper,B-Garzon,E Buenos Aires 2002}) 12. Qxd7+ (12. Qc2 {with more complications.} b6 13. e4 O-O 14. Nh4 Qd8 15. b3) 12... Nbxd7 13. Nb1 Nc5 14. Nc3 Bd7 15. Ng5 h6 16. Nge4 Nfxe4 17. Nxe4 b6 18. Nxc5 bxc5 19. f4 exf4 20. Rxf4 O-O 21. Re4 Rab8 22. Re7 Rfd8 23. b3 Kf8 24. Re3 Rb4 25. Be4 a4 26. Bc2 Ra8 27. Kf2 axb3 28. Bxb3 Ra3 29. Rc2 Bf5 30. Rc1 Ra8 31. Ke1 Bd7 (31... Rb6 $15) 32. Kd2 (32. Kf2 $11) 32... Ba4 33. Kc3 Bxb3 34. axb3 $17 {[%mdl 4096] Endgame KRR-KRR} Ra2 35. Rc2 Ra1 36. Kb2 Rh1 37. h4 Rb8 38. Rcc3 Ra8 39. Rc1 Rh2 (39... Rxc1 {is more complex.} 40. Kxc1 h5 41. Kc2 f6 42. Kd3 Kf7) 40. Rcc3 Rg2 41. Rc2 ({White should try} 41. Re4 $15) 41... Re8 42. Rxe8+ Kxe8 {KR-KR} 43. b4 $2 {[#] This move loses the game for White.} (43. Rc3 $17) 43... cxb4 $19 44. Kb3 Rxg3+ 45. Kxb4 Rg4 46. Kb5 Kd7 ({Don't play} 46... Rxh4 47. Kc6 $19) 47. c5 dxc5 ({Don't take} 47... Rxh4 48. c6+ Kc8 49. e4 $19) 48. Kxc5 Rxh4 {Accuracy: White = 71%, Black = 87%.} 0-1

[Event "4th Memorial Warakomska-A 2020"]
[Site "Suwalki"]
[Date "2020.08.07"]
[Round "1.15"]
[White "Korbal, Arkadiusz"]
[Black "Budzisz, Adrian"]
[Result "1-0"]
[WhiteElo "2113"]
[BlackElo "1823"]
[Annotator "TA"]
[PlyCount "87"]
[EventDate "2020.08.06"]
[EventType "swiss"]
[EventCountry "POL"]
[SourceTitle "playchess.com"]
[Source "ChessBase"]
[SourceQuality "1"]

{[%evp 13,87,0,24,18,49,56,88,78,101,52,73,50,51,50,100,98,108,103,178,170,174,173,193,188,327,311,368,351,355,358,518,519,602,375,453,462,388,484,459,480,463,448,450,428,490,500,500,487,511,523,648,636,602,529,815,796,1158,1147,857,785,773,777,724,461,477,456,514,437,739,709,947,665,611,587,578,547]} 1. d4 Nf6 2. c4 g6 3. Nc3 Bg7 4. e4 d6 5. g3 O-O 6. Bg2 c5 7. d5 a6 8. Nge2 {E72: King's Indian: 4 e4 d6 5 g3.} Bd7 9. a4 a5 10. O-O {[#] White is better.} Qc8 $146 ({Predecessor:} 10... Na6 11. h3 Nb4 12. f4 Ne8 13. f5 gxf5 14. exf5 Nf6 15. g4 h6 16. Be3 e5 {1-0 (45) Budrewicz,H (1650)-Kesy,M (1513) Warsaw 2012}) 11. Nf4 Na6 12. Bd2 Nb4 13. Nb5 g5 14. Ne2 h6 15. Bc3 Bh3 (15... Ng4 $16 {might work better.}) 16. f3 $18 Bxg2 17. Kxg2 Rd8 18. g4 h5 (18... Nd7 $142 19. Ng3 Ne5) 19. h3 e5 {If Black can now play ...h4 this consolidates a bit.} ({Much worse is} 19... hxg4 $6 20. hxg4 Nd7 21. Bxg7 $18) 20. Ng3 h4 21. Nf5 {Hoping for Ne7+.} Bf8 {[#]} (21... Qd7 $142 22. Nbxd6 Ne8) 22. f4 $1 {[%mdl 512]} gxf4 (22... exf4 23. Bxf6) 23. Qe1 Nc2 24. Qxh4 Nh7 25. Rac1 Nd4 {White is clearly winning.} 26. Bxd4 cxd4 27. g5 Rd7 28. Qg4 Qe8 29. h4 Be7 30. b3 Kh8 31. Kh1 Rad8 32. Rg1 Qg8 33. Rg2 Nf8 34. Rcg1 f3 35. Qxf3 Ng6 36. Nh6 Qh7 37. Rh2 Nf4 38. Nf5 Nh5 39. Qg4 Qg6 40. Rf2 Rg8 (40... d3 $142 41. Rh2 Rf8 42. Nxe7 Rxe7 43. Nxd6 f6) 41. Nh6 {[%mdl 64] [#] Double Attack} Rg7 42. Rxf7 Rxf7 43. Nxf7+ Qxf7 44. g6 {Black got outplayed after the opening. Accuracy: White = 83%, Black = 36%.} ({Stronger than} 44. Qxd7 Qf3+ 45. Kh2 Qf4+ {[%mdl 64] Double Attack} 46. Kh3 Qf3+ 47. Kh2 Qf4+ {[%mdl 64] Double Attack} 48. Kh3 Qf3+ 49. Kh2 $11) 1-0

[Event "4th Memorial Warakomska-A 2020"]
[Site "Suwalki"]
[Date "2020.08.07"]
[Round "1.16"]
[White "Flis, Pawel"]
[Black "Deruelle Sala, Albert"]
[Result "1-0"]
[WhiteElo "1873"]
[BlackElo "2078"]
[Annotator "TA"]
[PlyCount "107"]
[EventDate "2020.08.06"]
[EventType "swiss"]
[EventCountry "POL"]
[SourceTitle "playchess.com"]
[Source "ChessBase"]
[SourceQuality "1"]

{[%evp 9,107,29,47,51,56,46,61,58,55,54,48,38,37,0,0,0,0,0,-4,-77,-82,-77,-36,-47,-46,-80,-22,-32,0,-22,0,0,0,10,2,0,0,0,0,0,0,0,0,0,8,0,0,-16,16,0,11,0,0,0,0,0,0,-36,0,-178,-154,-38,-41,-527,-469,-422,0,-505,41,44,618,566,530,477,469,0,1814,1772,1709,1557,12836,10924,12838,12839,12838,0,0,0,0,0,0,0,0,0,12841,0,0,0,12848,12848]} 1. Nf3 f5 2. d3 Nf6 3. e4 d6 4. exf5 Bxf5 5. d4 e6 6. Bd3 {A04: Unusual lines after 1 Nf3 and King's Indian Attack.} Bxd3 7. Qxd3 Qd7 8. O-O {White is slightly better.} Nc6 9. Re1 O-O-O {[#]} 10. c4 $146 ({Predecessor:} 10. c3 Re8 11. Nbd2 e5 12. d5 Ne7 13. c4 h6 14. Qa3 Kb8 15. Ne4 Nc8 16. Bd2 Nxe4 17. Rxe4 {1-0 (36) Csizmadia,L (2350)-Kiss,I (2159) Budapest 2013}) 10... e5 11. d5 e4 $1 {[%cal Re4d3]} 12. dxc6 Qxc6 (12... exd3 $2 {is the wrong capture.} 13. cxd7+ Kxd7 14. Re3 $18) 13. Qd4 {Black must now prevent Ng5.} exf3 14. Bg5 (14. Qxa7 $11 {remains equal.} d5 15. cxd5 Nxd5 16. Nc3 Nxc3 17. bxc3) 14... d5 $17 15. Bxf6 gxf6 16. Qg4+ Kb8 17. Qxf3 Bb4 (17... Qxc4 $17 18. Nd2 Qa6) 18. cxd5 $11 Qc2 19. Qe2 (19. Nc3 {seems wilder.} Qxb2 20. Rec1 Bxc3 21. Rab1 Qxa2 22. d6) 19... Qg6 20. Nc3 Bxc3 $1 21. bxc3 Rxd5 22. g3 h5 23. Qe4 Qf7 24. Qe6 Qxe6 25. Rxe6 {[%mdl 4096] Endgame KRR-KRR} Rf5 26. Rae1 {Threatening mate with Re8+.} b5 27. Kg2 Kb7 28. Re8 Rh6 29. h4 Rg6 30. R1e6 a5 31. Rf8 a4 32. Rf7 a3 33. Rf8 Rc5 (33... Rf4 $5) 34. Rfxf6 $2 (34. Re3 $11 {and White has nothing to worry.}) 34... Rxf6 $19 35. Rxf6 Rxc3 $11 {KR-KR} 36. Rf5 $2 {[%mdl 8192]} (36. g4 $1 $15) 36... c5 $19 37. Rxh5 b4 $2 ({Black should play} 37... Rc2 $19 {aiming for ...b4.} 38. Rh7+ Kb6) 38. Re5 $2 {[%mdl 8192]} (38. Rh7+ $11 Kb6 39. Rh8) 38... b3 $2 (38... Rc1 $1 $19 39. Re7+ Kc6) 39. axb3 $14 Kc6 $2 {[%mdl 8192]} (39... a2 $14 40. Re1 Rxb3) 40. h5 Rxb3 {Hoping for ...a2.} 41. Re8 Kd5 42. h6 $2 (42. Ra8 $18) 42... Rb7 $2 {[%mdl 8192] [#]} (42... a2 $11) 43. g4 $1 $18 {[%cal Rg4g5]} Ra7 44. Re1 c4 45. g5 Rh7 46. Ra1 Ke4 47. Kg3 $2 (47. Rxa3 $18 Kf5 48. Ra5+ Ke4 49. Rc5) 47... Kf5 $11 48. Kh4 Ra7 49. Kh5 {g6 is the strong threat.} a2 {[#]} 50. f4 $1 {[%mdl 512]} c3 {Strongly threatening ...c2.} (50... Kxf4 51. g6 $18) 51. g6 Kf6 $2 {[%mdl 8192] [#]} (51... c2 $11 52. h7 c1=Q 53. Rxc1 a1=Q 54. Rxa1 Rxa1) 52. f5 $2 (52. h7 $1 $18 {[%cal Rh7h8]} Kg7 53. f5) 52... c2 53. h7 Kg7 $2 {[%mdl 8192] [#]} (53... Ra8 $11) 54. f6+ $1 {[%mdl 576] Decoy, Promotion. Accuracy: White = 74%, Black = 61%.} 1-0

[Event "4th Memorial Warakomska-A 2020"]
[Site "Suwalki"]
[Date "2020.08.07"]
[Round "2.1"]
[White "Rudzinska, Michalina"]
[Black "Gumularz, Szymon"]
[Result "0-1"]
[WhiteElo "2080"]
[BlackElo "2513"]
[Annotator "ChessBase"]
[PlyCount "62"]
[EventDate "2020.08.06"]
[EventType "swiss"]
[EventCountry "POL"]
[SourceTitle "playchess.com"]
[Source "ChessBase"]
[SourceQuality "1"]
[TimeControl "40/5400+30:1800+30"]

1. e4 {[%emt 0:00:00]} e5 {[%emt 0:00:06]} 2. Nf3 {[%emt 0:00:00]} Nc6 {[%emt 0:00:09]} 3. Bb5 {[%emt 0:00:00]} a6 {[%emt 0:00:47]} 4. Ba4 {[%emt 0:00:00]} g6 {[%emt 0:01:39]} 5. c3 {[%emt 0:01:13]} d6 {[%emt 0:00:35]} 6. d4 {[%emt 0:00:29]} Bd7 {[%emt 0:00:11]} 7. O-O {[%emt 0:00:23]} Bg7 {[%emt 0:00:10]} 8. d5 {[%emt 0:05:06]} Nce7 {[%emt 0:00:52]} 9. Bxd7+ {[%emt 0:00:18]} Qxd7 {[%emt 0:00:09]} 10. c4 {[%emt 0:00:08]} h6 {[%emt 0:01:53]} 11. Nc3 {[%emt 0:02:32]} f5 {[%emt 0:00:12]} 12. b4 {[%emt 0:06:41]} Nf6 {[%emt 0:00:25]} 13. exf5 {[%emt 0:03:57]} gxf5 {[%emt 0:01:33]} 14. c5 {[%emt 0:01:50]} O-O {[%emt 0:00:23]} 15. Qb3 {[%emt 0:11:14]} Kh7 {[%emt 0:05:56]} 16. Rd1 {[%emt 0:00:38]} Rg8 {[%emt 0:06:36]} 17. Rb1 {[%emt 0:05:00]} Bh8 {[%emt 0:36:59]} 18. b5 {[%emt 0:15:09]} Qe8 {[%emt 0:17:17]} 19. b6 {[%emt 0:11:42]} Nd7 {[%emt 0:01:23]} 20. Na4 {[%emt 0:06:55]} e4 {[%emt 0:08:22]} 21. Ne1 {[%emt 0:04:48]} Qh5 {[%emt 0:08:38]} 22. bxc7 {[%emt 0:03:18]} Ne5 {[%emt 0:05:19]} 23. Bf4 {[%emt 0:05:10]} N7g6 {[%emt 0:00:40]} 24. Bg3 {[%emt 0:05:13]} f4 {[%emt 0:00:32]} 25. Qxb7 {[%emt 0:01:02]} Rac8 {[%emt 0:00:05]} 26. Nb6 {[%emt 0:03:01]} fxg3 {[%emt 0:00:04]} 27. fxg3 {[%emt 0:00:16]} Nf4 {[%emt 0:01:31]} 28. gxf4 {[%emt 0:05:54]} Nf3+ {[%emt 0:00:28]} 29. Nxf3 {[%emt 0:00:50]} Rxg2+ {[%emt 0:00:19]} 30. Kh1 {[%emt 0:00:50]} Qxf3 {[%emt 0:00:05]} 31. Rb3 {[%emt 0:00:43]} Rg1+ {[%emt 0:00:14]} 0-1

[Event "4th Memorial Warakomska-A 2020"]
[Site "Suwalki"]
[Date "2020.08.07"]
[Round "2.2"]
[White "Janik, Igor"]
[Black "Rasti, Arvin"]
[Result "1-0"]
[WhiteElo "2467"]
[BlackElo "2139"]
[Annotator "TA"]
[PlyCount "55"]
[EventDate "2020.08.06"]
[EventType "swiss"]
[EventCountry "POL"]
[SourceTitle "playchess.com"]
[Source "ChessBase"]
[SourceQuality "1"]

{[%evp 9,55,11,18,14,23,24,29,18,20,16,29,18,70,76,146,158,150,146,222,193,234,240,425,413,415,310,309,304,377,372,474,428,494,479,468,460,450,449,558,550,721,718,709,694,947,612,648,645]} 1. e4 c5 2. Nf3 d6 3. Bb5+ Bd7 4. a4 Nc6 5. O-O g6 6. Re1 {B52: Sicilian: Moscow Variation with 3...Bd7.} Bg7 7. c3 a6 8. Bf1 {[#] White has an edge.} e5 $146 ({Predecessor:} 8... Nf6 9. h3 O-O 10. d4 cxd4 11. cxd4 d5 12. e5 Ne4 13. Nc3 Nxc3 14. bxc3 Rc8 15. Qb3 Na5 16. Qxd5 Qc7 17. Qa2 Be6 18. d5 {1-0 (46) Llaneza Vega,M (2422)-Thing,B (2263) Kathmandu 2018}) 9. Na3 Nge7 10. Nc4 Qc7 ({Black should play} 10... Be6 $11) 11. d4 $14 O-O (11... cxd4 $142 12. cxd4 Nxd4) 12. dxc5 $16 dxc5 13. Be3 b6 {[#]} (13... Be6 $16) 14. a5 $1 {[%mdl 512]} Nxa5 {[#]} (14... bxa5 15. Bxc5) 15. Nxb6 $1 {[%mdl 576] Double Attack} Be6 $2 (15... Qxb6 16. Qxd7 Ra7) 16. Nxa8 $18 ({Less strong is} 16. Rxa5 Qxb6 17. b4 (17. Rxc5 Qxb2 18. Nxe5 Rfc8 $16) 17... Rfd8 $18) 16... Rxa8 17. Nd2 Rb8 18. Qa4 Nb3 19. Nxb3 Bxb3 20. Qxa6 {White is clearly winning.} c4 21. Qa7 Qd8 22. Qc5 Rc8 23. Qb6 Qe8 24. Ra7 Nc6 25. Rc7 Rxc7 26. Qxc7 Qa8 27. Qb6 Bf6 28. Qb5 {Black got outplayed after the opening. Accuracy: White = 85%, Black = 30%.} 1-0